Материалы судебного процесса по делу бывших военнослущащих японской армии, обвиняемых в подготовке и применении бактериологического оружия

Dettagli Bibliografici
Lingua:russo
Pubblicazione: Москва, Государственное изд-во политической литературы, 1950
Soggetti:
Natura: MixedMaterials Libro
KOHA link:https://koha.lib.tpu.ru/cgi-bin/koha/opac-detail.pl?biblionumber=356717

MARC

LEADER 00000nam0a2200000 4500
001 356717
005 20231102010924.0
035 |a (RuTPU)RU\TPU\retro\13977 
090 |a 356717 
100 |a 20200723d1950 km y0rusy50 ca 
101 0 |a rus 
102 |a RU 
105 |a y z 000zy 
200 1 |a Материалы судебного процесса по делу бывших военнослущащих японской армии, обвиняемых в подготовке и применении бактериологического оружия 
210 |a Москва  |c Государственное изд-во политической литературы  |d 1950 
215 |a 539 с. 
606 1 |a Судебные процессы в СССР  |2 stltpush  |3 (RuTPU)RU\TPU\subj\58071  |9 75910 
610 1 |a Военный трибунал 
610 1 |a японская агрессия 
610 1 |a японская армия 
610 1 |a военнослужащие 
610 1 |a бактериологическое оружие 
610 1 |a применение 
610 1 |a подсудимые 
610 1 |a свидетели 
610 1 |a показания 
610 1 |a защитники 
610 1 |a судебная экспертиза 
686 |a Х629.5  |v LBC/SL-A  |2 rubbk 
801 1 |a RU  |b 63413507  |c 20200723 
801 2 |a RU  |b 63413507  |c 20200728  |g RCR 
942 |c BK